Cyberlaws, e-commerce & m-commerce (Record no. 39344)

MARC details
000 -LEADER
fixed length control field 00663nam a2200181 a 4500
008 - FIXED-LENGTH DATA ELEMENTS--GENERAL INFORMATION
fixed length control field 101011s2009 ||||||||||||||||| || u
020 ## - INTERNATIONAL STANDARD BOOK NUMBER
International Standard Book Number 8176483834
050 ## - LIBRARY OF CONGRESS CALL NUMBER
Classification number HF 5548.32 Ahm
100 ## - MAIN ENTRY--PERSONAL NAME
Personal name Ahmad, Tabrez
245 10 - TITLE STATEMENT
Title Cyberlaws, e-commerce & m-commerce
260 ## - PUBLICATION, DISTRIBUTION, ETC.
Place of publication, distribution, etc. New Delhi
Name of publisher, distributor, etc. A.P.H. Publishing corporation
Date of publication, distribution, etc. 2009
300 ## - PHYSICAL DESCRIPTION
Extent xi, 425p.
350 ## - PRICE (NR) (BK AM CF MU VM SE) [OBSOLETE]
Price 0.00
650 ## - SUBJECT ADDED ENTRY--TOPICAL TERM
Topical term or geographic name entry element MOBILE COMMERCE
650 #0 - SUBJECT ADDED ENTRY--TOPICAL TERM
Topical term or geographic name entry element COMMERCE
650 ## - SUBJECT ADDED ENTRY--TOPICAL TERM
Topical term or geographic name entry element ELECTRONIC COMMERCE--EAST AFRICAN COMMUNITY
995 ## - RECOMMENDATION 995 [LOCAL, UNIMARC FRANCE]
-- 249520.00
-- CBU-MAIN LIBRARY (Kitwe)
-- 1
-- 249520.00
-- 1
-- AVAILABLE
-- Oct 13, 2010
-- Main Library Open Access Collection
Holdings
Withdrawn status Lost status Source of classification or shelving scheme Damaged status Not for loan Home library Current library Shelving location Date acquired Total Checkouts Full call number Barcode Date last seen Price effective from Koha item type
          CBU-MAIN LIBRARY, KITWE. CBU-MAIN LIBRARY, KITWE.   11/30/2022   HF 5548.32 Ahm 741617 11/30/2022 11/30/2022 MONOGRAPH